Т. 2; Война и мир
| Parent link: | Война и мир: в 4 т./ Л. Н. Толстой. Т. 2.— , 1987- |
|---|---|
| Jazyk: | ruština |
| Vydáno: |
1987
|
| Témata: | |
| Médium: | Kniha |
| KOHA link: | https://koha.lib.tpu.ru/cgi-bin/koha/opac-detail.pl?biblionumber=81134 |
MARC
| LEADER | 00000nam2a2200000 4500 | ||
|---|---|---|---|
| 001 | 81134 | ||
| 005 | 20231031095000.0 | ||
| 035 | |a (RuTPU)RU\TPU\book\87230 | ||
| 090 | |a 81134 | ||
| 100 | |a 20050916d1987 m y0rusy50 ca | ||
| 101 | 0 | |a rus | |
| 102 | |a RU | ||
| 105 | |a y z 000ay | ||
| 200 | 0 | |a Т. 2 | |
| 210 | |d 1987 | ||
| 215 | |a 302 с. | ||
| 461 | 1 | |0 (RuTPU)RU\TPU\book\87229 |t Война и мир |o в 4 т. |f Л. Н. Толстой |v Т. 2 |d 1987- | |
| 610 | 1 | |a русская литература | |
| 610 | 1 | |a Россия | |
| 610 | 1 | |a Франция | |
| 610 | 1 | |a романы | |
| 610 | 1 | |a Отечественная война 1812 | |
| 675 | |a Р1 |v 3 | ||
| 801 | 1 | |a RU |b 63413507 |c 20050916 |g PSBO | |
| 942 | |c BK | ||